Geography Quiz

Random Geography or Flags Quiz

Flags with Chevrons (left-side triangles) Quiz Stats

 Plays Quiz not verified by Sporcle

Also try: Flags with Cantons
Challenge
Share
Tweet
Embed
Score 0/17 Timer 05:00
0 Plays Today
Country % Correct
Czech Republic
84.9%
Jordan
77.4%
Palestine
75.9%
Sudan
75%
Cuba
73.6%
Guyana
71.7%
Djibouti
67.9%
South Sudan
67.9%
Bahamas
66%
Country % Correct
Eritrea
64.2%
Timor-Leste
64.2%
Philippines
64.2%
Equatorial Guinea
60.4%
São Tomé and Príncipe
50.9%
Comoros
49.1%
Mozambique
49.1%
Zimbabwe
47.2%

You're not logged in!

Compare scores with friends on all Sporcle quizzes.
OR
Log In

You Might Also Like...

Show Comments

Extras

Top Quizzes Today


Score Distribution

Your Account Isn't Verified!

In order to create a playlist on Sporcle, you need to verify the email address you used during registration. Go to your Sporcle Settings to finish the process.

Report this User

Report this user for behavior that violates our Community Guidelines.

Details: